000 00577nam a2200181Ia 4500
008 090201s9999 xx 000 0 und d
010 _aKPL-66462
040 _bमराठी
041 _aमराठी
082 _a42687
_b66462
100 _a सतिश खांबेटे
245 _aमार्क्स ते माफिया
_c सतिश खांबेटे
250 _a1
260 _c2005
_bआमोद प्रकाशन
300 _a80
_bमोठा
600 _aमार्क्स ते माफिया
942 _cBOOK
999 _c239785
_d239785